Представление документа в формате MARC21

Поле Инд. ПП Название Значение
Тип записи a
Библиографический уровень m
001 Контрольный номер RU/IS/BASE/213460772
005 Дата корректировки 20200422101302.8
008 Кодируемые данные 061006|||||||||ru||||||||||||000|||rus||
020 c Цена, тираж Б.ц.
040 b Код языка каталог. rus
e Правила каталог. PSBO
041 0_ a Код языка текста rus
084 a Индекс другой классификации/Индекс ББК 94+87.63
090 a Полочн. индекс 94
x Авторский знак Л 84
100 1_ a Автор Луковкин С. Б.
245 10 a Заглавие Проблемы становления информационного общества в современной философии
b Продолж. заглавия автореф. дис. ... канд. филос. наук : 09.00.03 ; 09.00.11
c Ответственность Мурман. гос. техн. ун-т
260 a Место издания Мурманск
c Дата издания 2006
300 a Объем 27 с.
500 a Примечание Имеется электронный аналог 2006 г.
504 a Библиография Библиогр.: с. 26-27
650 04 a Основная рубрика Информационное общество-Социальная философия-Авторефераты диссертаций
653 0_ a Ключевые слова Авторефераты диссертаций
a Ключевые слова Информационное общество
a Ключевые слова Философия социальная
901 t Тип документа r